[Event "RUS Cup Qualifier 1"]
[Site "chessassistantclub.com INT"]
[Date "2004.09.07"]
[Round "?"]
[White "Kharlov, Andrei"]
[Black "Starosek, Konstantin"]
[Result "1-0"]
[WhiteElo "2591"]
[BlackElo "2488"]
[PlyCount "75"]
[EventDate "2004.09.07"]
[EventType "swiss (blitz)"]
[EventRounds "13"]
[EventCountry "RUS"]
[SourceTitle "EXT 2006"]
[Source "ChessBase"]
[SourceDate "2005.11.24"]
[SourceVersion "1"]
[SourceVersionDate "2005.11.24"]
[SourceQuality "1"]

1. e4 g6 2. d4 Bg7 3. Nc3 a6 4. Be3 b5 5. a4 b4 6. Nce2 Bb7 7. Ng3 h5 8. Bd3 h4
9. N3e2 e6 10. h3 d6 11. Qd2 a5 12. c3 bxc3 13. bxc3 Nd7 14. Nf3 e5 15. dxe5
Nxe5 16. Nxe5 Bxe5 17. O-O Ne7 18. Bg5 Bg7 19. Rfb1 Bc6 20. Nd4 Bd7 21. Bb5 f6
22. Ne6 Qc8 23. Nxg7+ Kf7 24. Qf4 Ng8 25. Bxh4 Kxg7 26. Bg3 Be6 27. Bc6 Rb8 28.
Bd5 Bxd5 29. exd5 Ne7 30. c4 Qd7 31. Re1 Nf5 32. Re6 Rb4 33. Rae1 Qxa4 34. Re7+
Kf8 35. Rxc7 Rh5 36. Qe4 Rb3 37. Bxd6+ Kg8 38. Qe8+ 1-0

[Event "RUS Cup Qualifier 1"]
[Site "chessassistantclub.com INT"]
[Date "2004.09.07"]
[Round "?"]
[White "Mashinskaya, Iulia"]
[Black "Kharlov, Andrei"]
[Result "0-1"]
[WhiteElo "2205"]
[BlackElo "2591"]
[PlyCount "156"]
[EventDate "2004.09.07"]
[EventType "swiss (blitz)"]
[EventRounds "13"]
[EventCountry "RUS"]
[SourceTitle "EXT 2006"]
[Source "ChessBase"]
[SourceDate "2005.11.24"]
[SourceVersion "1"]
[SourceVersionDate "2005.11.24"]
[SourceQuality "1"]

1. e4 c5 2. Nf3 e6 3. d3 d5 4. Qe2 Nc6 5. g3 Nf6 6. Bg2 Be7 7. O-O O-O 8. e5
Nd7 9. c4 dxc4 10. dxc4 Qc7 11. Re1 b6 12. Nc3 Bb7 13. Bf4 Rad8 14. Nd5 Qc8 15.
Nxe7+ Nxe7 16. Bg5 Rfe8 17. Rad1 h6 18. Bxe7 Rxe7 19. Rd6 Nf8 20. Red1 Red7 21.
Rxd7 Rxd7 22. Rxd7 Nxd7 23. Nd2 Bxg2 24. Kxg2 Qa6 25. a3 Qa4 26. Nf3 Qc6 27.
Kg1 g6 28. Qd3 Kg7 29. h4 Qc7 30. Qe4 Nb8 31. Qf4 Qe7 32. Qe4 Qd7 33. Qf4 Qd1+
34. Kg2 Nd7 35. h5 Qd3 36. hxg6 fxg6 37. Qh4 g5 38. Qg4 Qf5 39. Qxf5 exf5 40.
e6 Nb8 41. g4 fxg4 42. Ne5 Kf6 43. Nxg4+ Kxe6 44. Nxh6 Nc6 45. Ng4 Kf5 46. Kg3
Ke4 47. Ne3 Ne5 48. b3 Kd4 49. Ng4 Nd3 50. Nf6 Kc3 51. Nh7 Kxb3 52. Nxg5 Kxa3
53. f4 Nxf4 54. Kxf4 Kb4 55. Nf7 Kxc4 56. Nd6+ Kb3 57. Ke3 a5 58. Kd2 a4 59.
Kc1 a3 60. Kb1 c4 61. Nb5 Ka4 62. Nc3+ Kb4 63. Na2+ Kb3 64. Nc1+ Ka4 65. Ne2 b5
66. Nc3+ Kb4 67. Nd5+ Kb3 68. Nc7 b4 69. Ne6 Kc3 70. Nc5 b3 71. Na4+ Kb4 72.
Nb6 Kc5 73. Na4+ Kd4 74. Kc1 c3 75. Kb1 Kc4 76. Nb6+ Kd3 77. Nd5 c2+ 78. Kc1
b2# 0-1

[Event "RUS Cup Qualifier 1"]
[Site "chessassistantclub.com INT"]
[Date "2004.09.07"]
[Round "?"]
[White "Najer, Evgeny"]
[Black "Kharlov, Andrei"]
[Result "1-0"]
[WhiteElo "2608"]
[BlackElo "2591"]
[PlyCount "139"]
[EventDate "2004.09.07"]
[EventType "swiss (blitz)"]
[EventRounds "13"]
[EventCountry "RUS"]
[SourceTitle "EXT 2006"]
[Source "ChessBase"]
[SourceDate "2005.11.24"]
[SourceVersion "1"]
[SourceVersionDate "2005.11.24"]
[SourceQuality "1"]

1. e4 c5 2. Nc3 Nc6 3. Bb5 Nd4 4. Bc4 e6 5. Nf3 Ne7 6. Nxd4 cxd4 7. Ne2 Nc6 8.
O-O Bc5 9. d3 d5 10. exd5 exd5 11. Bb3 O-O 12. Nf4 Ne7 13. Re1 Bd6 14. Qh5 Bxf4
15. Bxf4 Be6 16. Bg5 Re8 17. Qh4 Qd7 18. Bxe7 Rxe7 19. Qxd4 a6 20. Re3 Qc7 21.
Rg3 g6 22. Re3 Rd7 23. h4 h5 24. Rae1 Re8 25. Rg3 Qd8 26. Rge3 Kh7 27. Re5 Qf6
28. c3 Kg7 29. R1e3 Ree7 30. Bxd5 Kf8 31. Qc5 Bxd5 32. Rxd5 Rxd5 33. Qxd5 Rxe3
34. fxe3 Qxh4 35. Qd4 Qe1+ 36. Kh2 Qf2 37. c4 Kg8 38. Kh3 Qf5+ 39. Kg3 Qg5+ 40.
Kf2 Qf5+ 41. Kg1 Qa5 42. a3 Qe1+ 43. Kh2 Qf2 44. b4 g5 45. Qd8+ Kh7 46. Qxg5 h4
47. Qf4 Qe1 48. Qxf7+ Kh6 49. Qf6+ Kh5 50. Qf5+ Kh6 51. Qf4+ Kh5 52. c5 Kg6 53.
Qg4+ Kf7 54. Qf4+ Ke6 55. Qe4+ Kf6 56. Qf3+ Ke5 57. d4+ Ke6 58. Qe4+ Kf6 59.
Qf4+ Ke6 60. Qe5+ Kd7 61. d5 Qf2 62. Kh3 Qe1 63. d6 Qh1+ 64. Qh2 Qe1 65. Qf4
Qh1+ 66. Kg4 Qxg2+ 67. Kxh4 Qh1+ 68. Kg5 Qg2+ 69. Qg4+ Qxg4+ 70. Kxg4 1-0

[Event "RUS Cup Qualifier 2"]
[Site "chessassistantclub.com INT"]
[Date "2004.09.30"]
[Round "?"]
[White "Galkin, Alexander"]
[Black "Kharlov, Andrei"]
[Result "1-0"]
[WhiteElo "2598"]
[BlackElo "2591"]
[PlyCount "99"]
[EventDate "2004.09.30"]
[EventType "swiss (blitz)"]
[EventRounds "13"]
[EventCountry "RUS"]
[SourceTitle "EXT 2006"]
[Source "ChessBase"]
[SourceDate "2005.11.24"]
[SourceVersion "1"]
[SourceVersionDate "2005.11.24"]
[SourceQuality "1"]

1. e4 e5 2. Nf3 Nc6 3. Bb5 Nf6 4. O-O Nxe4 5. d4 Nd6 6. Bxc6 dxc6 7. dxe5 Nf5
8. Qxd8+ Kxd8 9. Nc3 Be6 10. Ng5 Ke7 11. Bf4 h6 12. Nxe6 Kxe6 13. Rad1 Be7 14.
g4 Nh4 15. Bg3 h5 16. h3 hxg4 17. hxg4 g5 18. Ne4 Rad8 19. Rxd8 Rxd8 20. Bxh4
gxh4 21. f4 Rg8 22. Kf2 Rxg4 23. Kf3 Rg8 24. Rd1 b6 25. c4 h3 26. Rh1 Rh8 27.
Ng3 f5 28. Ne2 Rd8 29. Rxh3 Rd3+ 30. Kg2 Rd2 31. Kf3 Rxb2 32. Nd4+ Kd7 33. Nxf5
Bc5 34. Rh7+ Ke6 35. Ng3 Rxa2 36. Rxc7 b5 37. Rxc6+ Kd7 38. Rxc5 b4 39. Rb5 a5
40. f5 Ra3+ 41. Ke4 b3 42. e6+ Kd6 43. Rb6+ Kc5 44. e7 Kxb6 45. e8=Q Kc5 46.
Qb5+ Kd6 47. f6 Ke6 48. Qe5+ Kf7 49. Qe7+ Kg6 50. Qg7# 1-0

[Event "RUS Cup Qualifier 2"]
[Site "chessassistantclub.com INT"]
[Date "2004.09.30"]
[Round "?"]
[White "Iljushin, Alexei"]
[Black "Kharlov, Andrei"]
[Result "1/2-1/2"]
[WhiteElo "2553"]
[BlackElo "2591"]
[PlyCount "73"]
[EventDate "2004.09.30"]
[EventType "swiss (blitz)"]
[EventRounds "13"]
[EventCountry "RUS"]
[SourceTitle "EXT 2006"]
[Source "ChessBase"]
[SourceDate "2005.11.24"]
[SourceVersion "1"]
[SourceVersionDate "2005.11.24"]
[SourceQuality "1"]

1. d4 d5 2. c4 e6 3. Nf3 Nf6 4. g3 c6 5. Nbd2 Bd6 6. Qc2 b6 7. Bg2 Bb7 8. O-O
O-O 9. e4 dxe4 10. Nxe4 Nxe4 11. Qxe4 Nd7 12. Ne5 Bxe5 13. dxe5 Rb8 14. Rd1 c5
15. Qe2 Bxg2 16. Kxg2 Qc7 17. f4 Rbd8 18. Be3 Nb8 19. Rxd8 Rxd8 20. Rd1 Nc6 21.
Rd2 Nd4 22. Bxd4 cxd4 23. b3 Qc5 24. Qe4 g6 25. h4 h5 26. Kf3 Qb4 27. Rd3 Qa5
28. a4 Qc5 29. g4 hxg4+ 30. Kxg4 Qa3 31. Rxd4 Rxd4 32. Qxd4 Qxb3 33. Qd8+ Kg7
34. Qf6+ Kg8 35. Qd8+ Kg7 36. Qf6+ Kg8 37. Qd8+ 1/2-1/2

[Event "RUS Cup Qualifier 2"]
[Site "chessassistantclub.com INT"]
[Date "2004.09.30"]
[Round "?"]
[White "Kharlov, Andrei"]
[Black "Askarov, Bakhtiyar"]
[Result "1-0"]
[WhiteElo "2591"]
[BlackElo "2406"]
[PlyCount "113"]
[EventDate "2004.09.30"]
[EventType "swiss (blitz)"]
[EventRounds "13"]
[EventCountry "RUS"]
[SourceTitle "EXT 2006"]
[Source "ChessBase"]
[SourceDate "2005.11.24"]
[SourceVersion "1"]
[SourceVersionDate "2005.11.24"]
[SourceQuality "1"]

1. e4 c5 2. c3 Nf6 3. e5 Nd5 4. d4 cxd4 5. Nf3 d6 6. Qxd4 e6 7. Nbd2 Nc6 8. Bb5
Bd7 9. Bxc6 Bxc6 10. Nc4 dxe5 11. Ncxe5 Qb6 12. O-O Qxd4 13. Nxd4 Bd7 14. Rd1
Rd8 15. c4 Nb6 16. b3 Bd6 17. Nxd7 Rxd7 18. Be3 Ke7 19. Nb5 Bb8 20. Bc5+ Kd8
21. Kf1 Kc8 22. Rxd7 Kxd7 23. Rd1+ Kc8 24. Ke2 Rd8 25. Rxd8+ Kxd8 26. Nd6 Bxd6
27. Bxd6 Kd7 28. Bf8 g6 29. Kd3 a6 30. Kd4 Ke8 31. Bc5 Nd7 32. Bd6 f6 33. a4 h5
34. f4 g5 35. fxg5 fxg5 36. b4 Kf7 37. b5 axb5 38. axb5 Kf6 39. c5 e5+ 40. Kd5
Kf5 41. c6 bxc6+ 42. Kxc6 Ke6 43. Bc5 e4 44. b6 g4 45. b7 h4 46. Ba7 h3 47. g3
Ne5+ 48. Kb5 Nd7 49. Kc4 Kd6 50. b8=Q+ Nxb8 51. Bxb8+ Ke6 52. Kd4 Kf5 53. Bf4
e3 54. Bxe3 Kg6 55. Ke4 Kh5 56. Kf4 Kh6 57. Kxg4+ 1-0

[Event "RUS Cup Qualifier 2"]
[Site "chessassistantclub.com INT"]
[Date "2004.09.30"]
[Round "?"]
[White "Kharlov, Andrei"]
[Black "Chuprov, Dmitry"]
[Result "1-0"]
[WhiteElo "2591"]
[BlackElo "2465"]
[PlyCount "85"]
[EventDate "2004.09.30"]
[EventType "swiss (blitz)"]
[EventRounds "13"]
[EventCountry "RUS"]
[SourceTitle "EXT 2006"]
[Source "ChessBase"]
[SourceDate "2005.11.24"]
[SourceVersion "1"]
[SourceVersionDate "2005.11.24"]
[SourceQuality "1"]

1. Nf3 d6 2. g3 e5 3. Bg2 Nf6 4. O-O Be7 5. c4 O-O 6. Nc3 c6 7. d3 Nbd7 8. Rb1
Re8 9. b4 d5 10. cxd5 cxd5 11. Bg5 d4 12. Na4 Rb8 13. Bxf6 Bxf6 14. Nd2 Be7 15.
a3 Nf6 16. Nc4 b5 17. Nxe5 bxa4 18. Nc6 Qb6 19. Nxb8 Qxb8 20. Qxa4 Bf8 21. Rb2
Bd7 22. Bc6 Bxc6 23. Qxc6 Qb6 24. Qxb6 axb6 25. Rc1 Ra8 26. Rc6 Nd5 27. Rb3 g6
28. Kg2 f5 29. Kf3 Kf7 30. e4 dxe3 31. fxe3 b5 32. e4 fxe4+ 33. dxe4 Nf6 34.
Rb6 Nd7 35. Rxb5 Bg7 36. Ra5 Rc8 37. Ra7 Ke6 38. b5 Ne5+ 39. Ke2 Bh6 40. Rb2
Rc3 41. Rxh7 Nc4 42. Rb4 Rc2+ 43. Kd3 1-0

[Event "RUS Cup Qualifier 2"]
[Site "chessassistantclub.com INT"]
[Date "2004.09.30"]
[Round "?"]
[White "Kharlov, Andrei"]
[Black "Kalinichev, Andrey"]
[Result "0-1"]
[WhiteElo "2591"]
[BlackElo "2342"]
[PlyCount "62"]
[EventDate "2004.09.30"]
[EventType "swiss (blitz)"]
[EventRounds "13"]
[EventCountry "RUS"]
[SourceTitle "EXT 2006"]
[Source "ChessBase"]
[SourceDate "2005.11.24"]
[SourceVersion "1"]
[SourceVersionDate "2005.11.24"]
[SourceQuality "1"]

1. e4 c5 2. c3 a6 3. d4 cxd4 4. cxd4 d5 5. exd5 Nf6 6. Nc3 Nxd5 7. Nf3 Nc6 8.
Bc4 Be6 9. Bb3 Nxc3 10. bxc3 Bxb3 11. axb3 e6 12. O-O Be7 13. Bf4 O-O 14. Qd3
Qd5 15. c4 Qh5 16. Rad1 Rfd8 17. Qe4 Rd7 18. d5 Rad8 19. dxc6 Rxd1 20. cxb7
R1d6 21. Bxd6 Bxd6 22. Qc6 Bb8 23. Qxa6 Qc5 24. g3 Rd3 25. Qa8 Qc7 26. Ra1 h6
27. b4 Kh7 28. Ne1 Rd4 29. c5 Rxb4 30. c6 Rc4 31. Qa4 Rxa4 0-1

[Event "RUS Cup Qualifier 2"]
[Site "chessassistantclub.com INT"]
[Date "2004.09.30"]
[Round "?"]
[White "Kharlov, Andrei"]
[Black "Kosyrev, Vladimir"]
[Result "1-0"]
[WhiteElo "2591"]
[BlackElo "2531"]
[PlyCount "139"]
[EventDate "2004.09.30"]
[EventType "swiss (blitz)"]
[EventRounds "13"]
[EventCountry "RUS"]
[SourceTitle "EXT 2006"]
[Source "ChessBase"]
[SourceDate "2005.11.24"]
[SourceVersion "1"]
[SourceVersionDate "2005.11.24"]
[SourceQuality "1"]

1. d4 d5 2. Nf3 Nf6 3. Bf4 Bf5 4. e3 e6 5. c4 c6 6. Nc3 Nbd7 7. Qb3 Qb6 8. c5
Qxb3 9. axb3 a6 10. b4 Rc8 11. h3 h6 12. Nd2 Be7 13. Nb3 Bd8 14. Be2 Bc7 15.
Bxc7 Rxc7 16. b5 Bc2 17. b6 Rc8 18. Na5 Rb8 19. O-O O-O 20. Rfc1 Bf5 21. Bxa6
Nxb6 22. Bxb7 Nc4 23. Nxc4 Rxb7 24. Na5 Rc7 25. Na4 e5 26. Nb6 exd4 27. exd4
Re8 28. Re1 Re6 29. Rxe6 fxe6 30. f3 Kf7 31. Nb3 Bc2 32. Nd2 Nd7 33. Nxd7 Rxd7
34. Ra6 Rc7 35. b4 Bd3 36. Rb6 g5 37. Nb3 Bb5 38. Na5 e5 39. dxe5 d4 40. Kf2
Ke6 41. Rb8 Kxe5 42. Re8+ Kf6 43. Ke1 h5 44. g3 h4 45. gxh4 gxh4 46. Nb3 d3 47.
Kd2 Ra7 48. Na5 Rg7 49. Rd8 Rg2+ 50. Kc3 Rc2+ 51. Kb3 Rh2 52. Nc4 Rxh3 53. Rxd3
Rg3 54. Rd6+ Kf5 55. Ne3+ Kf4 56. Nc2 Rxf3+ 57. Kb2 h3 58. Nd4 Rf2+ 59. Kc3 h2
60. Rh6 Ba4 61. b5 Bxb5 62. Nxb5 cxb5 63. c6 Kg5 64. c7 Rf1 65. Rxh2 Rf8 66.
Kb4 Rc8 67. Rc2 Kf6 68. Kxb5 Ke6 69. Kb6 Kd6 70. Rd2+ 1-0

[Event "RUS Cup Qualifier 2"]
[Site "chessassistantclub.com INT"]
[Date "2004.09.30"]
[Round "?"]
[White "Kharlov, Andrei"]
[Black "Rychagov, Andrey"]
[Result "1-0"]
[WhiteElo "2591"]
[BlackElo "2532"]
[PlyCount "105"]
[EventDate "2004.09.30"]
[EventType "swiss (blitz)"]
[EventRounds "13"]
[EventCountry "RUS"]
[SourceTitle "EXT 2006"]
[Source "ChessBase"]
[SourceDate "2005.11.24"]
[SourceVersion "1"]
[SourceVersionDate "2005.11.24"]
[SourceQuality "1"]

1. d4 f5 2. g3 Nf6 3. Bg2 g6 4. Nf3 Bg7 5. O-O O-O 6. c4 d6 7. Nc3 Qe8 8. Nd5
Nxd5 9. cxd5 h6 10. Bd2 Qf7 11. Qb3 c6 12. Rac1 Qxd5 13. Qxd5+ cxd5 14. Nh4 Kh7
15. Bxd5 Bxd4 16. Rxc8 Rxc8 17. Bxb7 Nd7 18. b3 Rab8 19. Bxc8 Rxc8 20. Rc1
Rxc1+ 21. Bxc1 Kg7 22. Kf1 Kf6 23. Bxh6 Bc3 24. Nf3 e5 25. Bd2 Bb2 26. Ne1 e4
27. Nc2 Ke5 28. Be3 a6 29. f4+ exf3 30. exf3 d5 31. Ke2 d4 32. Bd2 Nc5 33. Ne1
Kd5 34. Nd3 Ba3 35. Nxc5 Bxc5 36. Kd3 Bd6 37. Be1 Bc7 38. Bf2 Bb6 39. g4 Ke5
40. Bg3+ Kf6 41. Bf4 Bc5 42. h4 fxg4 43. fxg4 Bb6 44. Bg5+ Ke5 45. Bc1 Bd8 46.
h5 gxh5 47. gxh5 Bb6 48. Bb2 Kf5 49. Bxd4 Bc7 50. Be3 Be5 51. Kc4 Bd6 52. h6
Kg6 53. Kd5 1-0

[Event "RUS Cup Qualifier 2"]
[Site "chessassistantclub.com INT"]
[Date "2004.09.30"]
[Round "?"]
[White "Kharlov, Andrei"]
[Black "Solodovnichenko, Yuri"]
[Result "1-0"]
[WhiteElo "2591"]
[BlackElo "2480"]
[PlyCount "115"]
[EventDate "2004.09.30"]
[EventType "swiss (blitz)"]
[EventRounds "13"]
[EventCountry "RUS"]
[SourceTitle "EXT 2006"]
[Source "ChessBase"]
[SourceDate "2005.11.24"]
[SourceVersion "1"]
[SourceVersionDate "2005.11.24"]
[SourceQuality "1"]

1. d4 Nf6 2. Nf3 c5 3. c3 cxd4 4. cxd4 d5 5. Nc3 Nc6 6. Bf4 Bf5 7. e3 e6 8. Bb5
Nd7 9. O-O Rc8 10. Rc1 Be7 11. Na4 O-O 12. Qe2 Qa5 13. b3 Ba3 14. Bxc6 bxc6 15.
Rcd1 Nb6 16. Nxb6 axb6 17. Nh4 Bg6 18. h3 c5 19. Nxg6 hxg6 20. dxc5 bxc5 21. e4
d4 22. Bd6 Rfd8 23. e5 c4 24. Rxd4 c3 25. Qc2 Bb2 26. a4 Qb6 27. Rfd1 Re8 28.
b4 Qc6 29. b5 Qb7 30. Rb4 Ra8 31. h4 Ba3 32. Qxc3 Bxb4 33. Qxb4 Qa7 34. b6 Qxa4
35. Qxa4 Rxa4 36. b7 Rxh4 37. Rc1 Rh8 38. Rc8 Kh7 39. Rxe8 Rxe8 40. b8=Q Rxb8
41. Bxb8 g5 42. Kh2 Kg6 43. Kg3 Kf5 44. Kf3 g4+ 45. Kg3 f6 46. Bc7 fxe5 47. Bb6
g6 48. Be3 e4 49. Bd2 e5 50. Be3 Kf6 51. Kxg4 Ke6 52. Kg5 Kf7 53. Kh6 Kf6 54.
g4 Kf7 55. g5 Kg8 56. Kxg6 Kh8 57. Kf7 Kh7 58. g6+ 1-0

[Event "RUS Cup Qualifier 2"]
[Site "chessassistantclub.com INT"]
[Date "2004.09.30"]
[Round "?"]
[White "Poluljahov, Aleksandr"]
[Black "Kharlov, Andrei"]
[Result "1-0"]
[WhiteElo "2516"]
[BlackElo "2591"]
[PlyCount "105"]
[EventDate "2004.09.30"]
[EventType "swiss (blitz)"]
[EventRounds "13"]
[EventCountry "RUS"]
[SourceTitle "EXT 2006"]
[Source "ChessBase"]
[SourceDate "2005.11.24"]
[SourceVersion "1"]
[SourceVersionDate "2005.11.24"]
[SourceQuality "1"]

1. c4 e6 2. Nf3 b6 3. g3 Bb7 4. Bg2 f5 5. O-O Nf6 6. Nc3 Bb4 7. d3 O-O 8. Qb3
Bxc3 9. Qxc3 Qe7 10. b3 d6 11. Bb2 Nbd7 12. Rfd1 h6 13. b4 Rf7 14. a4 a5 15. b5
Nc5 16. d4 Nce4 17. Qc2 Ng4 18. Rf1 Raf8 19. Nh4 Kh7 20. Qd3 g5 21. Nf3 Ba8 22.
Ba3 Nef6 23. Ne5 Bxg2 24. Kxg2 Nxe5 25. dxe5 Ne4 26. Rad1 Rd8 27. Qd4 Nc5 28.
Bxc5 bxc5 29. Qc3 Ra8 30. Rd3 Qd8 31. b6 Rd7 32. bxc7 Qxc7 33. Rfd1 Rad8 34.
exd6 Rxd6 35. Rxd6 Rxd6 36. Rxd6 Qxd6 37. Qxa5 Qd4 38. Qc7+ Kg6 39. Qc6 Qxc4
40. a5 Kf6 41. a6 Qa2 42. Qb7 c4 43. a7 c3 44. a8=Q Qxa8 45. Qxa8 f4 46. Qc6
fxg3 47. Qxc3+ e5 48. hxg3 g4 49. Qc6+ Kf5 50. Qxh6 e4 51. Qf4+ Ke6 52. Qxe4+
Kf6 53. Qxg4 1-0

[Event "RUS Cup Qualifier 2"]
[Site "chessassistantclub.com INT"]
[Date "2004.09.30"]
[Round "?"]
[White "Popov, Roman"]
[Black "Kharlov, Andrei"]
[Result "1-0"]
[WhiteElo "2388"]
[BlackElo "2591"]
[PlyCount "71"]
[EventDate "2004.09.30"]
[EventType "swiss (blitz)"]
[EventRounds "13"]
[EventCountry "RUS"]
[SourceTitle "EXT 2006"]
[Source "ChessBase"]
[SourceDate "2005.11.24"]
[SourceVersion "1"]
[SourceVersionDate "2005.11.24"]
[SourceQuality "1"]

1. e4 c5 2. Nf3 Nc6 3. d4 cxd4 4. Nxd4 Nf6 5. Nc3 d6 6. f3 e6 7. Be3 Be7 8. g4
O-O 9. g5 Nd7 10. h4 a6 11. Qd2 Nde5 12. Qg2 b5 13. Nxc6 Nxc6 14. O-O-O b4 15.
Na4 Rb8 16. Kb1 Bd7 17. b3 e5 18. h5 Be6 19. g6 Kh8 20. gxh7 a5 21. Rg1 Bf6 22.
Nc5 Nd4 23. Nxe6 fxe6 24. f4 Rc8 25. Bxd4 exd4 26. Bd3 a4 27. e5 dxe5 28. fxe5
Bxe5 29. Rde1 Qd6 30. h6 Rc7 31. Qg6 Bf6 32. hxg7+ Rxg7 33. Qxf6 Rxf6 34. Rxg7
Kxg7 35. Rg1+ Rg6 36. Rxg6+ 1-0

[Event "RUS Cup Qualifier 2"]
[Site "chessassistantclub.com INT"]
[Date "2004.09.30"]
[Round "?"]
[White "Pugachov, Alexey"]
[Black "Kharlov, Andrei"]
[Result "1/2-1/2"]
[WhiteElo "2499"]
[BlackElo "2591"]
[PlyCount "111"]
[EventDate "2004.09.30"]
[EventType "swiss (blitz)"]
[EventRounds "13"]
[EventCountry "RUS"]
[SourceTitle "EXT 2006"]
[Source "ChessBase"]
[SourceDate "2005.11.24"]
[SourceVersion "1"]
[SourceVersionDate "2005.11.24"]
[SourceQuality "1"]

1. e4 c5 2. Nf3 Nc6 3. Bb5 d6 4. O-O Bd7 5. Re1 Nf6 6. h3 Ne5 7. Bxd7+ Qxd7 8.
Nxe5 dxe5 9. d3 g6 10. Nd2 Bg7 11. Nc4 Qc7 12. a4 O-O 13. Bd2 Ne8 14. Bc3 f6
15. Qe2 Nd6 16. Ne3 e6 17. Rf1 Rae8 18. Nc4 Nxc4 19. dxc4 Rd8 20. Rfd1 Rd7 21.
Rxd7 Qxd7 22. b3 Rd8 23. Kf1 Kf7 24. Ke1 Qc6 25. Rd1 Rxd1+ 26. Kxd1 Qd7+ 27.
Ke1 h5 28. Qd2 Qxd2+ 29. Kxd2 Ke7 30. Kd3 Kd6 31. Bd2 Kc6 32. Be3 Bf8 33. f3
Be7 34. Bd2 Bf8 35. Be3 Bg7 36. Bd2 Bf8 37. Ba5 b6 38. Bd2 a5 39. Be3 Bg7 40.
Ke2 Bf8 41. Kf2 Bg7 42. Kg3 Bf8 43. Kh4 Kd7 44. g4 hxg4 45. hxg4 Ke7 46. Kg3 g5
47. Kf2 Kd7 48. Ke2 Kc6 49. Kd3 Bd6 50. Bd2 Be7 51. Bc3 Bd6 52. Bd2 Be7 53. Be1
Bd6 54. Bf2 Be7 55. Be3 Bd6 56. Bd2 1/2-1/2

[Event "RUS Cup Qualifier 3"]
[Site "chessassistantclub.com INT"]
[Date "2004.10.21"]
[Round "?"]
[White "Chuprov, Dmitry"]
[Black "Kharlov, Andrei"]
[Result "1-0"]
[WhiteElo "2465"]
[BlackElo "2591"]
[PlyCount "85"]
[EventDate "2004.10.21"]
[EventType "swiss (blitz)"]
[EventRounds "13"]
[EventCountry "RUS"]
[SourceTitle "EXT 2006"]
[Source "ChessBase"]
[SourceDate "2005.11.24"]
[SourceVersion "1"]
[SourceVersionDate "2005.11.24"]
[SourceQuality "1"]

1. d4 d5 2. Nf3 Nf6 3. c4 e6 4. Nc3 dxc4 5. e3 a6 6. a4 c5 7. Bxc4 Nc6 8. O-O
Be7 9. dxc5 Bxc5 10. Qxd8+ Kxd8 11. Rd1+ Ke7 12. Be2 b6 13. b3 Bb7 14. Bb2 Na5
15. Nd2 Rhd8 16. Rab1 Rac8 17. Na2 Ne4 18. Nxe4 Bxe4 19. Rxd8 Rxd8 20. Rd1
Rxd1+ 21. Bxd1 Bd5 22. b4 Bxa2 23. bxc5 bxc5 24. Bxg7 Bb3 25. Be2 c4 26. Bc3
Nc6 27. a5 Na7 28. f3 Nb5 29. Bb4+ Kf6 30. Kf2 Ke5 31. h4 f5 32. h5 Kf6 33. f4
Nc7 34. Bc3+ Kf7 35. g4 Nd5 36. Bd4 Nf6 37. Bxf6 Kxf6 38. g5+ Kg7 39. h6+ Kg6
40. Ke1 c3 41. Bxa6 Bd5 42. Bc8 Kf7 43. a6 1-0

[Event "RUS Cup Qualifier 3"]
[Site "chessassistantclub.com INT"]
[Date "2004.10.21"]
[Round "?"]
[White "Kharlov, Andrei"]
[Black "Fingerov, Dmitry"]
[Result "1-0"]
[WhiteElo "2591"]
[BlackElo "2350"]
[PlyCount "63"]
[EventDate "2004.10.21"]
[EventType "swiss (blitz)"]
[EventRounds "13"]
[EventCountry "RUS"]
[SourceTitle "EXT 2006"]
[Source "ChessBase"]
[SourceDate "2005.11.24"]
[SourceVersion "1"]
[SourceVersionDate "2005.11.24"]
[SourceQuality "1"]

1. d4 d5 2. Bf4 Nf6 3. e3 Bf5 4. c4 e6 5. Nc3 Bb4 6. Qb3 Nc6 7. a3 Bxc3+ 8.
Qxc3 O-O 9. Nf3 dxc4 10. Qxc4 Nh5 11. Bg5 Qd6 12. Be2 f6 13. Bh4 g5 14. Bg3
Nxg3 15. hxg3 Kg7 16. Rc1 Rac8 17. Bd3 Bg6 18. Bxg6 hxg6 19. Nd2 e5 20. Ne4 Qe7
21. Nc5 Rce8 22. Nxb7 exd4 23. Qxc6 dxe3 24. Qxc7 exf2+ 25. Kxf2 Rf7 26. Qxe7
Rfxe7 27. Nd6 Re2+ 28. Kg1 R8e3 29. Rc7+ Kg8 30. Rc8+ Kg7 31. Rhh8 Rxg3 32.
Rcg8# 1-0

[Event "RUS Cup Qualifier 3"]
[Site "chessassistantclub.com INT"]
[Date "2004.10.21"]
[Round "?"]
[White "Kharlov, Andrei"]
[Black "Maslak, Konstantin"]
[Result "0-1"]
[WhiteElo "2591"]
[BlackElo "2434"]
[PlyCount "124"]
[EventDate "2004.10.21"]
[EventType "swiss (blitz)"]
[EventRounds "13"]
[EventCountry "RUS"]
[SourceTitle "EXT 2006"]
[Source "ChessBase"]
[SourceDate "2005.11.24"]
[SourceVersion "1"]
[SourceVersionDate "2005.11.24"]
[SourceQuality "1"]

1. c4 d6 2. Nc3 g6 3. g3 Bg7 4. Bg2 e5 5. d3 Nc6 6. Rb1 Nh6 7. e3 f5 8. Nge2
O-O 9. O-O Be6 10. b4 Qc8 11. Nd5 Re8 12. b5 Ne7 13. e4 Nf7 14. Be3 c6 15. bxc6
bxc6 16. Ndc3 Qd7 17. Qd2 d5 18. exd5 cxd5 19. d4 Rad8 20. Rfd1 exd4 21. Nxd4
dxc4 22. Qc2 Ne5 23. Nc6 N7xc6 24. Rxd7 Rxd7 25. Ne2 Bd5 26. Bxd5+ Rxd5 27. Nf4
Rd7 28. Kg2 h6 29. h3 Kh7 30. Ne2 Red8 31. Rb5 a6 32. Rc5 Nb4 33. Qa4 Nbd3 34.
Ra5 Ne1+ 35. Kh2 Rd1 36. Rxe5 Nf3+ 37. Kg2 Nxe5 38. Qxa6 Re1 39. Nf4 c3 40. Qb6
Rc8 41. Qe6 Rc6 42. Qe8 c2 43. Bd2 Rd1 44. Be3 c1=Q 45. Bxc1 Rdxc1 46. h4 Rc8
47. Qe6 R1c6 48. Qd5 Rc5 49. Qe6 R8c6 50. Qe8 Rc2 51. h5 gxh5 52. Qxh5 Rf6 53.
Nd5 Rf7 54. Ne3 Rd2 55. Nc4 Nxc4 56. Qxf7 Ne3+ 57. Kf3 Nd1 58. Qxf5+ Kh8 59.
Qc8+ Kh7 60. Kg4 Nxf2+ 61. Kh5 Rd5+ 62. Kh4 Bf6# 0-1